UBT Library

ASSESSMENT OF CHILDREN (Record no. 9235)

000 -LEADER
fixed length control field 00296nam a22001337a 4500
008 - FIXED-LENGTH DATA ELEMENTS--GENERAL INFORMATION
fixed length control field 170331b xxu||||| |||| 00| 0 eng d
020 ## - INTERNATIONAL STANDARD BOOK NUMBER
International Standard Book Number 0961820926
041 ## - LANGUAGE CODE
Language code of text/sound track or separate title eng
080 ## - UNIVERSAL DECIMAL CLASSIFICATION NUMBER
Universal Decimal Classification number 616-053.2
100 ## - Rafti
Rafti 8
101 ## - Shkurtesa
Shkurtesa SHM
245 ## - TITLE STATEMENT
Title ASSESSMENT OF CHILDREN
Statement of responsibility, etc SATTLER, J.M
942 ## - ADDED ENTRY ELEMENTS (KOHA)
Source of classification or shelving scheme
Item type Books
Holdings
Withdrawn status Lost status Source of classification or shelving scheme Damaged status Not for loan Collection code Permanent location Current location Shelving location Date acquired Total Checkouts Full call number Barcode Date last seen Price effective from Koha item type
          Koleksioni i përgjithshem UBT - Lipjan UBT - Lipjan Koleksioni i përgjithshem 03/31/2017   616-053.2 SAT 002-034916 03/31/2017 03/31/2017 Books
UBT Library © 2015-2024. All rights reserved University Education for Business and Technology